[Event "Titled Tuesday intern op 25th Jul Late"]
[Site "Chess.com INT"]
[Date "2023.07.25"]
[Round "9"]
[White "Carrasco Miranda, Andres"]
[Black "Vafin, Ayrat"]
[Result "1-0"]
[WhiteElo "2240"]
[BlackElo "2302"]
[PlyCount "133"]
[EventDate "2023.07.25"]
[EventType "swiss (blitz)"]
[EventRounds "11"]
[EventCountry "USA"]
[SourceTitle "EXT 2024"]
[Source "ChessBase"]
[SourceDate "2023.10.10"]
[SourceVersion "1"]
[SourceVersionDate "2023.10.10"]
[SourceQuality "1"]

1. d4 d5 2. c4 e6 3. Nf3 Nf6 4. g3 b6 5. cxd5 Nxd5 6. Bg2 Bb7 7. 0-0 Nf6 8. Nc3 Be7 9. Re1 0-0 10. e4 Nbd7 11. Bf4 c5 12. d5 exd5 13. exd5 h6 14. d6 Re8 15. dxe7 Rxe7 16. Rxe7 Qxe7 17. Qe1 Re8 18. Qxe7 Rxe7 19. Re1 Rxe1+ 20. Nxe1 Ba6 21. Nd5 Bc4 22. Nxf6+ Nxf6 23. b3 Bb5 24. Bb8 a6 25. Bc7 Nd7 26. Bh3 Nf6 27. Bxb6 c4 28. bxc4 Bxc4 29. a3 Nd5 30. Bd4 Nc7 31. Bf1 Bd5 32. Be5 Nb5 33. a4 Na7 34. Bxa6 Nc6 35. Bc3 f6 36. Bb7 Kf7 37. a5 Ke7 38. a6 Kd6 39. Nd3 Ne7 40. Bb4+ Kc7 41. Bxe7 Bxb7 42. axb7 Kxb7 43. Bf8 g6 44. Bxh6 f5 45. Ne5 Kc7 46. Nxg6 Kd6 47. Nf4 Ke5 48. Bg7+ Kd6 49. h4 Ke7 50. h5 Kf7 51. h6 Kg8 52. Kh2 Kh7 53. Kh3 Kg8 54. Kh4 Kh7 55. Kh5 Kg8 56. Bc3 Kh7 57. Kg5 Kg8 58. Kg6 Kf8 59. h7 Ke7 60. h8Q Kd6 61. Qe5+ Kc6 62. Qd5+ Kb6 63. Bd4+ Kc7 64. Ne6+ Kc8 65. Qc6+ Kb8 66. Qc7+ Ka8 67. Qa7# 1-0

[Event "Titled Tuesday intern op 25th Jul Late"]
[Site "Chess.com INT"]
[Date "2023.07.25"]
[Round "7"]
[White "Hartikainen, Jarmo"]
[Black "Vafin, Ayrat"]
[Result "1-0"]
[WhiteElo "2108"]
[BlackElo "2302"]
[PlyCount "75"]
[EventDate "2023.07.25"]
[EventType "swiss (blitz)"]
[EventRounds "11"]
[EventCountry "USA"]
[SourceTitle "EXT 2024"]
[Source "ChessBase"]
[SourceDate "2023.10.10"]
[SourceVersion "1"]
[SourceVersionDate "2023.10.10"]
[SourceQuality "1"]

1. e4 c6 2. d4 d5 3. Nd2 dxe4 4. Nxe4 Bf5 5. Ng3 Bg6 6. h4 h6 7. Bc4 Nd7 8. N1e2 e6 9. Nf4 Bh7 10. Qe2 Qe7 11. Bb3 Ngf6 12. Bd2 a5 13. a4 Qd6 14. c3 Be7 15. Ngh5 Nxh5 16. Nxh5 0-0 17. Bf4 e5 18. Bxe5 Nxe5 19. Qxe5 Qxe5+ 20. dxe5 Rad8 21. Rd1 Rxd1+ 22. Kxd1 Rd8+ 23. Kc1 Bc5 24. Rf1 Kf8 25. Bc2 g6 26. Ng3 Re8 27. Ne4 Ba7 28. Nf6 Rxe5 29. Nxh7+ Kg7 30. Rd1 Kxh7 31. Rd7 Bxf2 32. Rxf7+ Kg8 33. Rxf2 Rh5 34. g3 Rd5 35. Bxg6 Rd7 36. Bf5 Rf7 37. g4 h5 38. Be6 1-0

[Event "Titled Tuesday intern op 25th Jul Late"]
[Site "Chess.com INT"]
[Date "2023.07.25"]
[Round "5"]
[White "Vafin, Ayrat"]
[Black "Montano, Vicente Guadalupe"]
[Result "0-1"]
[WhiteElo "2302"]
[BlackElo "1809"]
[PlyCount "50"]
[EventDate "2023.07.25"]
[EventType "swiss (blitz)"]
[EventRounds "11"]
[EventCountry "USA"]
[SourceTitle "EXT 2024"]
[Source "ChessBase"]
[SourceDate "2023.10.10"]
[SourceVersion "1"]
[SourceVersionDate "2023.10.10"]
[SourceQuality "1"]

1. d4 Nf6 2. Bf4 c5 3. e3 Qb6 4. Nc3 d6 5. dxc5 Qxc5 6. Nf3 Bg4 7. Be2 a6 8. h3 Bh5 9. 0-0 e6 10. Bh2 Be7 11. Nd4 Bxe2 12. Qxe2 0-0 13. Nb3 Qc6 14. Rad1 Nbd7 15. Na5 Qb6 16. Nc4 Qb4 17. a3 Qc5 18. b4 Qc6 19. Bxd6 Bxd6 20. Rxd6 Qc7 21. Rfd1 b5 22. Na5 Qxc3 23. R1d3 Qa1+ 24. Kh2 Ne5 25. R3d4 Qxa3 0-1

[Event "Titled Tuesday intern op 25th Jul Early"]
[Site "Chess.com INT"]
[Date "2023.07.25"]
[Round "1"]
[White "Vafin, Ayrat"]
[Black "Pakleza, Zbigniew"]
[Result "0-1"]
[WhiteElo "2302"]
[BlackElo "2494"]
[PlyCount "48"]
[EventDate "2023.07.25"]
[EventType "swiss (blitz)"]
[EventRounds "11"]
[EventCountry "USA"]
[SourceTitle "EXT 2024"]
[Source "ChessBase"]
[SourceDate "2023.10.10"]
[SourceVersion "1"]
[SourceVersionDate "2023.10.10"]
[SourceQuality "1"]

1. d4 d6 2. Bf4 Nc6 3. e3 e5 4. dxe5 dxe5 5. Qxd8+ Kxd8 6. Bg3 Be6 7. Nc3 a6 8. Nf3 f6 9. Be2 Nge7 10. Rd1+ Kc8 11. h3 Nf5 12. Bh2 Bb4 13. a3 Bxc3+ 14. bxc3 Nd6 15. 0-0 Nb5 16. Bxb5 axb5 17. Ra1 Rd8 18. Rfe1 Ra4 19. Kf1 Rc4 20. Ke2 Rxc3 21. Red1 Rxc2+ 22. Ke1 Rxd1+ 23. Kxd1 Rxf2 24. Nh4 Rf1+ 0-1